BIBLIOTECA

SENCICO

Enciclopedia de la construcción / (Registro nro. 2846)

Detalles MARC
000 -LEADER
fixed length control field 00950nam a2200265Ia 4500
003 - CONTROL NUMBER IDENTIFIER
control field PE SENCICO BE
005 - DATE AND TIME OF LATEST TRANSACTION
control field 20260219192952.0
008 - FIXED-LENGTH DATA ELEMENTS--GENERAL INFORMATION
fixed length control field 200515s9999 xx 000 0 und d
040 ## - CATALOGING SOURCE
Original cataloging agency PE SENCICO BE
Transcribing agency PE SENCICO BE
041 ## - LANGUAGE CODE
Language code of text/sound track or separate title spa
082 ## - DEWEY DECIMAL CLASSIFICATION NUMBER
Classification number R 690
Item number S31 1990
100 1# - MAIN ENTRY--PERSONAL NAME
Personal name Heinrich, Schmitt
9 (RLIN) 128
Relator term autor
245 10 - TITLE STATEMENT
Title Enciclopedia de la construcción /
Statement of responsibility, etc. Heinrich Schmit
250 ## - EDITION STATEMENT
Edition statement 2a ed.
260 ## - PUBLICATION, DISTRIBUTION, ETC.
Place of publication, distribution, etc. México, D.F. :
Name of publisher, distributor, etc. G. Gili ;
Date of publication, distribution, etc. 1990
300 ## - PHYSICAL DESCRIPTION
Extent volúmenes :
Other physical details ilustraciones ;
Dimensions 29 cm.
505 0# - FORMATTED CONTENTS NOTE
Formatted contents note Volumen 1: Cimentación, protección de las obras, paredes -- Volumen 2: Techos o pisos, escaleras, balcones y terrazas, estructuras de las obras -- Volumen 3: Cubiertas, chimeneas
650 10 - SUBJECT ADDED ENTRY--TOPICAL TERM
Topical term or geographic name entry element Construcción
9 (RLIN) 339
650 20 - SUBJECT ADDED ENTRY--TOPICAL TERM
Topical term or geographic name entry element Industria de la construcción
9 (RLIN) 355
650 20 - SUBJECT ADDED ENTRY--TOPICAL TERM
Topical term or geographic name entry element Cimentaciones
9 (RLIN) 356
650 20 - SUBJECT ADDED ENTRY--TOPICAL TERM
Topical term or geographic name entry element Estructuras de concreto
9 (RLIN) 302
650 20 - SUBJECT ADDED ENTRY--TOPICAL TERM
Topical term or geographic name entry element Techos
9 (RLIN) 357
650 20 - SUBJECT ADDED ENTRY--TOPICAL TERM
Topical term or geographic name entry element Escaleras
9 (RLIN) 358
942 ## - ADDED ENTRY ELEMENTS (KOHA)
Koha item type Libros
Source of classification or shelving scheme Dewey Decimal Classification
Existencias
Fecha de la última vez que lo usaron Número de ingreso o de inventario Pago total Signatura topográfica completa Código de barras Precio efectivo desde Tipo de documento Estado perdido Sistema de clasificación Estado dañado No es para préstamo Retirado Ubicación permanente Ubicación actual Fecha de adquisición
15/05/2020 13446   R/690/S31/1990/v. 1 BibLima25122533 15/05/2020 Libros   Dewey Decimal Classification       Biblioteca Central Lima Biblioteca Central Lima 15/05/2020
10/12/2025 13447   R/690/S31/1990/v. 2 BibLima25122534 10/12/2025 Referencia   Dewey Decimal Classification       Biblioteca Central Lima Biblioteca Central Lima 10/12/2025
10/12/2025 13448   R/690/S31/1990/v. 3 BibLima25122535 10/12/2025 Libros   Dewey Decimal Classification       Biblioteca Central Lima Biblioteca Central Lima 10/12/2025